| 000 | 00380cam a2200157ua 4500 | ||
|---|---|---|---|
| 041 |
_aeng _h |
||
| 082 |
_a930 _bPEA/ST |
||
| 100 | _aPearce, F G . | ||
| 245 |
_aStruggle of modern man / _cF G Pearce. _hTextual Documents |
||
| 250 |
_a6 / _b. |
||
| 260 |
_aLondon : _bOxford University Press , _c1962. |
||
| 300 | _a241 ; . | ||
| 504 | _a | ||
| 942 | _cBK | ||
| 999 |
_c6285 _d6285 |
||